Normal view
MARC view
Entry Topical Term
001 - CONTROL NUMBER
- control field: 263136
003 - CONTROL NUMBER IDENTIFIER
- control field: OSt
005 - DATE AND TIME OF LATEST TRANSACTION
- control field: 20260429122605.0
008 - FIXED-LENGTH DATA ELEMENTS
- fixed length control field: 260429|| aca||aabn | a|a d
040 ## - CATALOGING SOURCE
- Original cataloging agency: OSt
- Transcribing agency: OSt
150 ## - HEADING--TOPICAL TERM
- Topical term or geographic name entry element: Music
670 ## - SOURCE DATA FOUND
- Source citation: Work cat.: (OSt)93786: KRASHNARAV (U S). ಕೃಷ್ಣರಾವ್ (ಯು ಎಸ್) 263134, Sangita mattu nratya., 2000